Tvorba krajiny

Bibliographic Details
Main Authors: Supuka, Ján, 1944- (Author), Jůva, Karel, 1899-1984 (Author), Zachar, Dušan, 1926-2014 (Author)
Format: Article
Language:Slovak
Subjects:

MARC

LEADER 00000nab a2200000 a 4500
001 vtls000129683
003 SK-MaSNL
005 20260304062920.0
008 250422c1982 xo 0 slo
015 |a SNBRB19rr/mm-uuuuu 
035 |a CL0139789 
035 |a urn:nbn:sk:snk-abbbim 
035 |a (urnnbn)urn:nbn:sk:snk:ar-006ei0 
035 |a (uuid)480e21b0-b6fc-406b-8b3e-7d9eae632d06 
040 |a SNKBUCL  |b slo  |c SNKBUCL  |e AACR2 
041 0 |a slo 
044 |a xo  |c SK 
080 |a 71  |2 1981 
100 1 |a Supuka, Ján,  |d 1944-  |4 aut  |9 115500 
245 1 0 |a Tvorba krajiny  |c Ján Supuka ; K. Jůva, D. Zachar 
650 0 7 |a krajina  |2 snkbucl  |9 15725 
655 7 |a články z novín a časopisov  |2 snkbucl  |9 267496 
700 1 |a Jůva, Karel,  |d 1899-1984  |4 aut  |9 205960 
700 1 |a Zachar, Dušan,  |d 1926-2014  |4 aut  |9 192446 
773 0 |t Životné prostredie  |g Roč. 16, č. 4 (1982), s. 221 
787 0 8 |i Rec.:  |a Jůva, K.  |t Tvorba krajiny ČSSR  |d Bratislava : Veda, 1981 
850 |a Slovenská národná knižnica 
852 |a Slovenská národná knižnica 
954 |a odborná, vedecká literatúra pôvodná (slovenská)  |2 lita 
958 |a article15 
958 |a RK 
958 |a OND 
958 |a EUIPO 
992 |a RBX 
999 |c 2740221  |d 2742151